Shadow spinner / Susan Fletcher.
Available copies
- 1 of 1 copy available at LARL/NWRL Consortium.
Current holds
0 current holds with 1 total copy.
Show Only Available Copies
| Location | Call Number / Copy Notes | Barcode | Shelving Location | Status | Due Date |
|---|---|---|---|---|---|
| Thief River Falls Public Library | j FLE (Text) | 35500002803912 | Main | Available | - |
Record details
- ISBN: 0689830513
- Physical Description: 219 p. ; 20 cm.
- Publisher: New York : Aladdin, c1999.
Content descriptions
| Summary, etc.: | When Marjan, a thirteen-year-old crippled girl, ... Read More |
Search for related items by subject
| LDR | 01225cam a2200301Ka 4500 | ||
|---|---|---|---|
| 001 | 27634 | ||
| 003 | LARL_NWRL_CONSORTIUM | ||
| 005 | 19991202213723.0 | ||
| 008 | 991122r19991998nyu c 000 1 eng d | ||
| 020 | . | ‡a0689830513 | |
| 035 | . | ‡a(OCoLC)42869897 | |
| 040 | . | ‡aURA ‡cURA | |
| 092 | . | ‡aYA FICTION | |
| 099 | . | ‡aFle | |
| 100 | 1 | . | ‡aFletcher, Susan, ‡d1951- ‡0(LARL_NWRL_CONSORTIUM)97660 |
| 245 | 1 | 0. | ‡aShadow spinner / ‡cSusan Fletcher. |
| 260 | . | ‡aNew York : ‡bAladdin, ‡cc1999. | |
| 300 | . | ‡a219 p. ; ‡c20 cm. | |
| 520 | . | ‡aWhen Marjan, a thirteen-year-old crippled girl, joins the Sultan's harem in ancient Persia, she gathers for Shahrazad the stories which will save the queen's life. | |
| 650 | 0. | ‡aScheherazade (Legendary character) ‡vJuvenile fiction. | |
| 650 | 0. | ‡aStorytellers ‡vJuvenile fiction. | |
| 650 | 0. | ‡aPeople with disabilities ‡vJuvenile fiction. ‡0(LARL_NWRL_CONSORTIUM)174003 | |
| 650 | 0. | ‡aInterpersonal relations ‡vJuvenile fiction. ‡0(LARL_NWRL_CONSORTIUM)165337 | |
| 651 | 0. | ‡aIran ‡vJuvenile fiction. | |
| 901 | . | ‡a27634 ‡bOCLC ‡c27634 ‡tbiblio | |

Add to basket
Permalink
Disable Highlighting